| 000 | 00351nam a22001457a 4500 | ||
|---|---|---|---|
| 008 | 210526b ||||| |||| 00| 0 eng d | ||
| 020 | _a9780443065767 | ||
| 041 | _aeng | ||
| 080 |
_22nd _a61 |
||
| 082 | _a61 | ||
| 100 | _a3 | ||
| 101 | _aSHM | ||
| 245 |
_aFundamentals of Complementary and Alternative Medicine _cMarc S. Micozzi |
||
| 942 |
_2udc _cBK |
||
| 999 |
_c57617 _d57617 |
||